Hussey and another v Eels and another (Record no. 23285)

MARC details
000 -LEADER
fixed length control field 01562cab a2200217 4500
001 - CONTROL NUMBER
control field ABS42237
008 - FIXED-LENGTH DATA ELEMENTS--GENERAL INFORMATION
fixed length control field 090401t1990 xxu||||| |||| 00| 0 eng d
035 ## - SYSTEM CONTROL NUMBER
System control number (Sirsi) u35586
041 ## - LANGUAGE CODE
Language code of text/sound track or separate title eng
245 ## - TITLE STATEMENT
Title Hussey and another v Eels and another
260 ## - PUBLICATION, DISTRIBUTION, ETC.
Date of publication, distribution, etc. 1990
350 ## - PRICE (NR) (BK AM CF MU VM SE) [OBSOLETE]
Price 0
490 ## - SERIES STATEMENT
Series statement Weekly Law Reports
Volume/sequential designation (1990) 2 WLR 234-246(7)
520 ## - SUMMARY, ETC.
Summary, etc. CA 30 October 1989. Plaintiffs, Mr and Mrs Hussey (H), purchased a bungalow from Mr and Mrs Eels (E) in February 1984. This was in reliance to answers to pre-contract inquiries which included the misrepresentation that the building had not been subject to subsidence . The cost of the work to stabilise the foundations was estimated at £17,000, which was beyond H`s means. Three applications for planning permission were made before consent was given to demolish the bungalow and construct two buildings on the site. In October 1986 H sold the site to a developer for £78,500. H brought an action against E claiming damages for negligent misrepresentation . The damages started at £3905, were later increased to £17,000. At the original hearing the judge found for H but did not award damages as he considered that H had been recompensed by sale of the site. H appealed. The CA found that since the sale of the site by H was not contiguous with the original purchase that H owed no duty to E to mit
650 ## - SUBJECT ADDED ENTRY--TOPICAL TERM
Topical term or geographic name entry element MEASURE OF DAMAGES
650 ## - SUBJECT ADDED ENTRY--TOPICAL TERM
Topical term or geographic name entry element MITIGATION PROPERTY SALES
650 ## - SUBJECT ADDED ENTRY--TOPICAL TERM
Topical term or geographic name entry element VENDOR AND PURCHASER
690 ## - LOCAL SUBJECT ADDED ENTRY--TOPICAL TERM (OCLC, RLIN)
Topical term or geographic name as entry element PROPERTY LAW AND PRACTICE-CASE LAW
942 ## - ADDED ENTRY ELEMENTS (KOHA)
Suppress in OPAC 0
948 ## - LOCAL PROCESSING INFORMATION (OCLC); SERIES PART DESIGNATOR (RLIN)
c (OCLC) 04/03/1997
Holdings
Withdrawn status Lost status Source of classification or shelving scheme Damaged status Not for loan Home library Current library Shelving location Date acquired Total Checkouts Full call number Barcode Date last seen Copy number Price effective from Koha item type
    Dewey Decimal Classification     London London Journal article 14/09/1999   ABS42237 35586-1001 06/08/2019 1 06/08/2019 Law report